Suuret Suomalaiset - Statistics

Yleistilastot
  • Tätä visaa on pelattu 509 kertaa
  • Keskiarvotulos 29 / 100
Vastaustilastot
Suuri suomalainen % Oikein
C. G. E. Mannerheim
92%
Urho Kekkonen
92%
Tarja Halonen
86%
Mauno Koivisto
81%
Risto Ryti
81%
Juho Kusti Paasikivi
73%
K. J. Ståhlberg
73%
Jean Sibelius
72%
Kyösti Kallio
70%
Paavo Nurmi
66%
Aleksis Kivi
63%
Matti Nykänen
61%
Pehr Evind Svinhufvud
61%
Mikael Agricola
60%
Minna Canth
58%
Johan Ludvig Runeberg
57%
Olavi Virta
57%
Alvar Aalto
56%
Elias Lönnrot
55%
Akseli Gallen-Kallela
53%
Väinö Linna
51%
Miina Sillanpää
48%
A. I. Virtanen
45%
Lasse Virén
45%
J. V. Snellman
44%
Mika Häkkinen
44%
Tove Jansson
44%
Jari Litmanen
40%
Mika Waltari
40%
Tapio Rautavaara
40%
Tauno Palo
39%
Eino Leino
38%
Spede Pasanen
36%
Arto Saari
35%
Simo Häyhä
34%
Arvo Ylppö
33%
Kalevi Sorsa
33%
Paavo Lipponen
33%
Esa Saarinen
30%
Sakari Topelius
29%
Adolf Ehrnrooth
28%
Helene Schjerfbeck
28%
Lalli
27%
Armi Kuusela
26%
Arvi Lind
25%
Elisabeth Rehn
25%
Armi Ratia
24%
Ville Valo
24%
Juice Leskinen
22%
Anneli Jäätteenmäki
20%
Hertta Kuusinen
20%
Jorma Ollila
20%
Otto Wille Kuusinen
20%
Eugen Schauman
19%
Väinö Tanner
19%
Anders Chydenius
18%
Laila Kinnunen
18%
Linus Torvalds
18%
Veikko Hakulinen
18%
Lauri Törni
17%
Aki Kaurismäki
15%
Antti Tuisku
15%
Jaakko Ilkka
15%
Kalle Päätalo
15%
Karita Mattila
15%
Reino Helismaa
15%
Aksel Airo
13%
Karl Fazer
13%
Uno Cygnaeus
13%
Erno Paasilinna
12%
Helvi Sipilä
12%
Irwin Goodman
12%
Väinö Myllyrinne
11%
Annikki Tähti
10%
Georg Henrik von Wright
10%
Hannu Salama
10%
Lars Levi Laestadius
10%
Lauri Ylönen
10%
Katri Helena Kalaoja
9%
Kirsti Paakkanen
9%
Paavo Ruotsalainen
9%
Pentti Linkola
9%
Veikko Hursti
8%
Nils-Aslak Valkeapää
7%
Raimo Helminen
7%
Veikko Sinisalo
7%
Fanni Luukkonen
6%
Leena Palotie
6%
Aurora Karamzin
5%
Larin Paraske
5%
Jaakko Pöyry
4%
Arto Javanainen
3%
Lucina Hagman
3%
Maiju Gebhard
3%
Mathilda Wrede
2%
Alli Vaittinen-Kuikka
1%
Arndt Pekurinen
1%
Helle Kannila
1%
Kristfrid Ganander
1%
Yrjö Kallinen
1%
Ehtoja vastaavia visoja ei löytynyt
Tulosjakauma
Jokaisen tuloksen saaneiden osuus
Persentiili vastausten määrän mukaan
Tuloshistoriasi
Et ole pelannut tätä visaa